[Event "52nd World Juniors 2013"]
[Site "Kocaeli TUR"]
[Date "2013.09.22"]
[Round "9.10"]
[White "Debashis, Das"]
[Black "Bai, Jinshi"]
[Result "1-0"]
[WhiteTitle "IM"]
[WhiteElo "2489"]
[BlackElo "2419"]
[WhiteFideId "5024854"]
[BlackFideId "8602280"]
[EventDate "2013.09.13"]

1. d4 d5 2. c4 c6 3. Nf3 Nf6 4. Nc3 dxc4 5. a4 Bf5 6. Ne5 Nbd7 7. Nxc4 Qc7 8. g3
e5 9. dxe5 Nxe5 10. Bf4 Nfd7 11. Bg2 g5 12. Bxe5 Nxe5 13. Qd4 f6 14. Ne3 Bg6 15.
a5 Qd6 16. Qxd6 Bxd6 17. a6 O-O-O 18. axb7+ Kxb7 19. O-O Bc5 20. Na4 Bd4 21.
Rfc1 Rd6 22. Nc4 Nxc4 23. Rxc4 Rhd8 24. Rac1 Be8 25. Be4 h5 26. Kg2 Re6 27. Bd3
Bf7 28. Rb4+ Kc7 29. Bc4 Re7 30. Bxf7 Rxf7 31. Rbc4 Rd6 32. e3 Bb6 33. h4 Re7
34. R1c2 Re5 35. Nc3 Kb7 36. Kf3 Rf5+ 37. Ke2 Re5 38. Na2 Ba5 39. Nc1 Red5 40.
Nb3 Bb6 41. Re4 Rd7 42. Nd2 Ba5 43. Nc4 Bb4 44. hxg5 fxg5 45. Rc1 Re7 46. Na5+
Rxa5 47. Rxb4+ Kc7 48. Rbc4 Re6 49. Rc5 Ra2 50. R1c2 Rg6 51. Rf5 Kb6 52. Rd2 a5
53. e4 Ra4 54. Ke3 Rb4 55. Rf8 Kc7 56. Rf7+ Kb6 57. Rdd7 Kb5 58. e5 h4 59. gxh4
gxh4 60. Rh7 Rgg4 61. Rb7+ Kc5 62. Rxb4 Rxb4 63. f4 Kd5 64. Rd7+ Ke6 65. Rd6+
Kf5 66. Rf6+ Kg4 67. e6 Rb3+ 68. Ke4 Rxb2 69. Rg6+ Kh5 70. Kf5 Rb8 71. Rg7 Kh6
72. Rg1 Kh5 73. e7 h3 74. Rd1 Rb5+ 75. Ke4 1-0

[Event "52nd World Juniors 2013"]
[Site "Kocaeli TUR"]
[Date "2013.09.22"]
[Round "9.11"]
[White "Sunilduth Lyna, Narayanan"]
[Black "Kanarek, Marcel"]
[Result "0-1"]
[BlackTitle "IM"]
[WhiteElo "2408"]
[BlackElo "2483"]
[WhiteFideId "5058422"]
[BlackFideId "1126822"]
[EventDate "2013.09.13"]

1. e4 c5 2. Nf3 d6 3. d4 cxd4 4. Nxd4 Nf6 5. Nc3 g6 6. Be2 Bg7 7. O-O O-O 8. Bg5
Nc6 9. Nb3 Be6 10. Re1 Rc8 11. Bf1 Ne5 12. Nd5 Bxd5 13. exd5 a6 14. c3 Re8 15.
a4 Qd7 16. h3 Nc4 17. Bxc4 Rxc4 18. Nd2 Rc7 19. Bxf6 Bxf6 20. a5 Qb5 21. Ne4 Be5
22. Qd2 b6 23. axb6 Qxb6 24. Qd3 a5 25. Ra2 Rb8 26. g3 Qb5 27. Qd2 a4 28. Rea1
Rc4 29. Qd3 Rb4 30. Qxb5 R4xb5 31. Nd2 Rxd5 32. Nc4 Bf6 33. Rxa4 Rdb5 34. Ra8 d5
35. Rxb8+ Rxb8 36. Ne3 e6 37. Ra2 h5 38. Kf1 h4 39. g4 d4 40. cxd4 Bxd4 41. Nc4
Rb4 42. Ra8+ Kg7 43. Rc8 Bxb2 44. Nxb2 Rxb2 45. Kg2 Rb4 46. Rc7 Rf4 47. Ra7 Kh6
48. Ra6 e5 49. Ra5 f6 50. Rb5 Rd4 51. Rb6 Kg5 52. Rb5 Rd6 53. Kf3 Rd3+ 54. Kg2
Rd6 55. Kf3 Re6 56. Rb8 Ra6 57. Re8 Ra3+ 58. Kg2 Ra4 59. Kf3 Rf4+ 60. Kg2 Kh6
61. Rh8+ Kg5 62. Re8 Re4 63. Rg8 Re1 64. Rb8 e4 65. Re8 Kh6 66. Rh8+ Kg5 67. Re8
f5 68. gxf5 gxf5 69. Rg8+ Kf6 70. Rh8 f4 71. Rxh4 Kg5 72. Rh8 f3+ 73. Kh2 Rf1
74. Rg8+ Kf6 75. h4 Rxf2+ 76. Kg1 Rd2 77. h5 f2+ 78. Kg2 e3 79. h6 Rd1 80. Rf8+
Kg6 0-1

[Event "52nd World Juniors 2013"]
[Site "Kocaeli TUR"]
[Date "2013.09.22"]
[Round "9.13"]
[White "Iermito, Sebastian"]
[Black "Kurayan, Ruslan"]
[Result "1-0"]
[WhiteTitle "IM"]
[WhiteElo "2462"]
[BlackElo "2398"]
[WhiteFideId "114286"]
[BlackFideId "14120615"]
[EventDate "2013.09.13"]

1. Nf3 c5 2. c4 Nf6 3. Nc3 Nc6 4. d4 cxd4 5. Nxd4 g6 6. e4 d6 7. Be2 Bg7 8. Be3
O-O 9. O-O Bd7 10. Nc2 Qa5 11. Rb1 Nb4 12. Nxb4 Qxb4 13. a3 Qa5 14. Qd3 Be6 15.
Nb5 a6 16. Nd4 Qe5 17. f3 Rfd8 18. Qd2 a5 19. Nb5 a4 20. Bd4 Qh5 21. Nc7 Rac8
22. Nxe6 fxe6 23. Bb6 Rf8 24. Be3 Ra8 25. Rfc1 Nd7 26. f4 Qa5 27. Bg4 Qxd2 28.
Bxd2 Bd4+ 29. Kh1 Nc5 30. Rc2 e5 31. g3 Nxe4 32. Be6+ Kg7 33. Bd5 Nc5 34. Bb4
exf4 35. gxf4 Rxf4 36. Bxc5 Bxc5 37. Bxb7 Rb8 38. Bc6 e5 39. Rd1 e4 40. Bxa4 e3
41. b4 Bd4 42. Bc6 h5 43. b5 g5 44. a4 g4 45. a5 Rbf8 46. Re2 h4 47. h3 gxh3 48.
Rxd4 Rxd4 49. Rxe3 Rf2 50. Re1 Ra2 51. b6 Rf4 52. b7 Rf8 53. Be8 Rff2 54. Bc6
Rxa5 55. Be4 Rb2 56. Rb1 Raa2 57. b8=Q Rxb8 58. Rxb8 Kf6 59. Rg8 Ke5 60. Rg4 Rd2
61. Bd5 Kf5 62. Rxh4 Kg5 63. Rxh3 Kg4 64. Rh6 Kg3 65. Rg6+ Kh3 66. Kg1 Rc2 67.
Rxd6 Kg3 68. Kf1 Kf4 69. Re6 1-0

[Event "52nd World Juniors 2013"]
[Site "Kocaeli TUR"]
[Date "2013.09.22"]
[Round "9.14"]
[White "Dragomirescu, Robin-Alexandru"]
[Black "Dastan, Muhammed Batuhan"]
[Result "1-0"]
[WhiteTitle "IM"]
[BlackTitle "IM"]
[WhiteElo "2349"]
[BlackElo "2455"]
[WhiteFideId "1213849"]
[BlackFideId "6300014"]
[EventDate "2013.09.13"]

1. e4 c5 2. Nf3 d6 3. d4 cxd4 4. Nxd4 Nf6 5. Nc3 a6 6. Be3 e6 7. f3 b5 8. g4 b4
9. Nce2 h6 10. Qd2 e5 11. Nb3 a5 12. c4 a4 13. Nbc1 Nc6 14. Ng3 Be6 15. Be2 g6
16. Nd3 Rb8 17. Rc1 h5 18. gxh5 gxh5 19. h4 Be7 20. Bf2 b3 21. a3 Qd7 22. Nb4
Bd8 23. Nxc6 Qxc6 24. Kf1 Rg8 25. Rg1 Bh3+ 26. Ke1 Bb6 27. c5 Bxc5 28. Bxc5 dxc5
29. Qc3 Nd7 30. Kf2 Rh8 31. Bc4 Qf6 32. Rcd1 Be6 33. Bxe6 fxe6 34. Rd6 Rb6 35.
Rxb6 Nxb6 36. Qxc5 Nd7 37. Qe3 Qxh4 38. Rh1 Qf4 39. Qc3 Rf8 40. Rxh5 Kd8 41. Rh7
Rf7 42. Rxf7 Qxf7 43. Qa5+ Kc8 44. Qxa4 Nc5 45. Qa8+ Kc7 46. Qa7+ Nb7 47. Qe3
Na5 48. Qc3+ Nc6 49. Qxb3 Qf4 50. Qc3 Kb7 51. Ne2 Qh4+ 52. Ke3 Qh6+ 53. Kd3 Qh1
54. Kc4 Qf1 55. Qd3 Kc7 56. b4 Qa1 57. b5 Nb8 58. Qc3 Qf1 59. Kb4+ Kb6 60. Qc5+
Kb7 61. Qe7+ Ka8 62. Nc3 Qf2 63. Qxe6 Qd4+ 64. Kb3 Qe3 65. Qxe5 Qxf3 66. Kb4
Qf8+ 67. Qc5 Qf6 68. a4 Qf4 69. a5 1-0

[Event "52nd World Juniors 2013"]
[Site "Kocaeli TUR"]
[Date "2013.09.22"]
[Round "9.15"]
[White "Nasanjargal, Urtnasan"]
[Black "Dimitrov, Radoslav"]
[Result "1-0"]
[WhiteTitle "FM"]
[BlackTitle "IM"]
[WhiteElo "2323"]
[BlackElo "2437"]
[WhiteFideId "4900774"]
[BlackFideId "2908549"]
[EventDate "2013.09.13"]

1. c4 e5 2. Nc3 Nc6 3. Nf3 f5 4. d4 e4 5. d5 exf3 6. dxc6 fxg2 7. cxd7+ Qxd7 8.
Qxd7+ Bxd7 9. Bxg2 c6 10. Bf4 Be6 11. b3 Bb4 12. Bd2 Nf6 13. Ne4 Bxd2+ 14. Nxd2
Ke7 15. Nf3 Rhd8 16. e3 g6 17. Nd4 Bf7 18. h4 a5 19. a4 c5 20. Bxb7 cxd4 21.
Bxa8 Rxa8 22. exd4 Rb8 23. Rh3 Kd6 24. Rd1 h6 25. Rd2 Ne4 26. Re2 Be6 27. Rd3
Bd7 28. f3 Nf6 29. Re5 Ra8 30. Rde3 f4 31. Re2 Kc7 32. Re7 Ne8 33. Rh7 Nd6 34.
c5 Ne8 35. Rf7 Kc6 36. d5+ Kxd5 37. Rxd7+ Kxc5 38. Re5+ Kb4 39. Rd4+ Kxb3 40.
Rxf4 Nd6 41. Re3+ Kb2 42. Rd4 Nf5 43. Rd2+ Ka1 44. Rc3 Rb8 45. Rc1+ Rb1 46.
Rxb1+ Kxb1 47. Rd5 Kb2 48. h5 Nh4 49. hxg6 Nxg6 50. Rxa5 Kb3 51. Rh5 Kxa4 52.
Rxh6 Ne5 53. Ke2 Kb4 54. Re6 Nf7 55. Rc6 Kb5 56. Rc7 Ng5 57. Ke3 Ne6 58. Rc1 Nc5
59. Rxc5+ Kxc5 60. Kf4 Kd6 61. Kf5 Ke7 62. Kg6 Kf8 63. f4 Kg8 64. f5 Kh8 65. Kf7 1-0

[Event "52nd World Juniors 2013"]
[Site "Kocaeli TUR"]
[Date "2013.09.22"]
[Round "9.16"]
[White "Muhammad, Luthfi Ali"]
[Black "Bortnyk, Mykola"]
[Result "1-0"]
[WhiteTitle "CM"]
[WhiteElo "2277"]
[BlackElo "2417"]
[WhiteFideId "7103743"]
[BlackFideId "14120836"]
[EventDate "2013.09.13"]

1. e4 Nf6 2. e5 Nd5 3. c4 Nb6 4. d4 d6 5. exd6 cxd6 6. Nc3 g6 7. Be3 Bg7 8. Rc1
O-O 9. b3 e5 10. dxe5 dxe5 11. Qxd8 Rxd8 12. c5 N6d7 13. Bc4 Nc6 14. Nf3 h6 15.
Ne4 Na5 16. Bd5 Nf6 17. Nxf6+ Bxf6 18. Rd1 Nc6 19. O-O Bf5 20. Bxh6 Rd7 21. Bxc6
bxc6 22. Rxd7 Bxd7 23. Rd1 Be6 24. Rd6 Rc8 25. Ng5 Bxg5 26. Bxg5 Kg7 27. f3 a5
28. Kf2 a4 29. bxa4 Ra8 30. Rxc6 Rxa4 31. Rd6 Rxa2+ 32. Kg3 Rc2 33. c6 Rc4 34.
h4 e4 35. Bd8 e3 36. Bb6 e2 37. Kf2 Kf6 38. Bd8+ Ke5 39. Bc7 Kf6 40. Kxe2 Ke7
41. g4 f5 42. Kd3 Rc1 43. Kd2 Rc5 44. Bb8 fxg4 45. fxg4 Kf7 46. Ba7 Rc4 47. h5
Ke7 48. h6 Rxg4 49. Bc5 Rg2+ 50. Kc3 Kf7 51. c7 Rg3+ 52. Kb4 Rg4+ 53. Ka5 Bc8
54. Rd8 Rg5 55. Rxc8 Rxc5+ 56. Kb6 Rc1 57. h7 1-0

[Event "52nd World Juniors 2013"]
[Site "Kocaeli TUR"]
[Date "2013.09.22"]
[Round "9.17"]
[White "Ynojosa, Felix Jose"]
[Black "Fang, Yan"]
[Result "1/2-1/2"]
[WhiteTitle "IM"]
[WhiteElo "2439"]
[BlackElo "2281"]
[WhiteFideId "3900258"]
[BlackFideId "8604746"]
[EventDate "2013.09.13"]

1. c4 c5 2. Nf3 Nc6 3. e3 Nf6 4. d4 cxd4 5. exd4 d5 6. Nc3 Bg4 7. Be3 e6 8. Be2
Bb4 9. O-O O-O 10. c5 Ne4 11. Nxe4 dxe4 12. Ne5 Bxe2 13. Qxe2 Qd5 14. Nxc6 Qxc6
15. Bf4 Ba5 16. Rab1 Bd8 17. b4 Qd5 18. Qe3 f5 19. a4 Bf6 20. Rfd1 h6 21. Bd6
Rfd8 22. b5 Rac8 23. a5 Kh7 24. g3 Rxd6 25. cxd6 Qxd6 26. d5 b6 27. dxe6 Qxe6
28. axb6 axb6 29. Qb3 Qxb3 30. Rxb3 Rc2 31. Rd5 f4 32. Rd1 Kg6 33. Rb4 Kf5 34.
f3 fxg3 35. fxe4+ Kf4 36. e5+ Kxe5 37. hxg3 h5 38. Rb3 Kf5 39. Rf1+ Kg5 40. Rf4
Be5 41. Ra4 Kf5 42. Kf1 g5 43. Rf3+ Ke6 44. Ra8 Bd6 45. Rh8 h4 46. gxh4 gxh4 47.
Rxh4 Rb2 48. Re3+ Kf5 49. Rf3+ Ke6 50. Rh6+ Ke5 51. Re3+ Kd4 52. Re2 Rb1+ 53.
Re1 Rxe1+ 54. Kxe1 Bb4+ 55. Kd1 Kc5 56. Rh5+ Kc4 57. Kc2 Bc5 1/2-1/2

[Event "52nd World Juniors 2013"]
[Site "Kocaeli TUR"]
[Date "2013.09.22"]
[Round "9.18"]
[White "Georgiadis, Nico"]
[Black "Grandelius, Nils"]
[Result "1/2-1/2"]
[WhiteTitle "FM"]
[BlackTitle "GM"]
[WhiteElo "2396"]
[BlackElo "2576"]
[WhiteFideId "1300113"]
[BlackFideId "1710400"]
[EventDate "2013.09.13"]

1. e4 e5 2. Nf3 Nc6 3. Bb5 a6 4. Ba4 Nf6 5. O-O Be7 6. Re1 b5 7. Bb3 d6 8. c3
O-O 9. d4 Bg4 10. Be3 exd4 11. cxd4 Na5 12. Bc2 Nc4 13. Bc1 c5 14. b3 Nb6 15.
dxc5 dxc5 16. Nbd2 Re8 17. h3 Bh5 18. a4 Bf8 19. Bb2 Rb8 20. axb5 axb5 21. Qb1
Bg6 22. Ra7 Ra8 23. Rxa8 Qxa8 24. Nh4 c4 25. Nxg6 hxg6 26. Bc3 Qa3 27. Re3 Bc5
28. Rf3 Qa7 29. bxc4 Nxc4 30. Nxc4 bxc4 31. Qb5 Rc8 32. Qb2 Rb8 33. Qc1 Bd4 34.
Qd2 Bxc3 35. Rxc3 Qc5 36. Qe3 Qxe3 37. Rxe3 Ne8 38. e5 Rb2 39. Be4 Nc7 40. Rc3
Rb4 41. Rc1 Kf8 42. Bf3 Nb5 43. Be2 Na3 44. f4 Ke7 45. Kf2 Rb2 46. Ke3 Rb3+ 47.
Kd4 Rb2 48. Ke3 Rb3+ 49. Kd4 Rb2 1/2-1/2

[Event "52nd World Juniors 2013"]
[Site "Kocaeli TUR"]
[Date "2013.09.22"]
[Round "9.19"]
[White "Grandadam, Nicolas"]
[Black "Javakhadze, Zurab"]
[Result "1/2-1/2"]
[WhiteTitle "FM"]
[BlackTitle "IM"]
[WhiteElo "2309"]
[BlackElo "2457"]
[WhiteFideId "681806"]
[BlackFideId "13603647"]
[EventDate "2013.09.13"]

1. d4 Nf6 2. c4 e6 3. Nf3 Nc6 4. a3 d6 5. Nc3 g6 6. e4 Bg7 7. Be2 O-O 8. O-O a5
9. d5 Ne7 10. dxe6 Bxe6 11. Nd4 Bd7 12. f3 Nc6 13. Ndb5 Ne8 14. Be3 b6 15. Rc1
Ne7 16. Qd2 f5 17. exf5 Nxf5 18. Bg5 Nf6 19. Nd5 c6 20. Bxf6 Bxf6 21. Nxf6+ Qxf6
22. Nc3 Rae8 23. Ne4 Qd4+ 24. Qxd4 Nxd4 25. Bd3 Bf5 26. Rcd1 Bxe4 27. Bxe4 c5
28. Rfe1 Kg7 29. b4 Kf6 30. Kf2 Rb8 31. Rd2 Rf7 32. Rb1 axb4 33. axb4 Ra7 34.
bxc5 dxc5 35. Rdb2 Ra6 36. h4 Nf5 37. Bxf5 gxf5 38. Rb5 Ra2+ 39. Kf1 Ke5 40.
Rxc5+ bxc5 41. Rxb8 Kd4 42. Rf8 Kxc4 43. Rxf5 Kd4 44. Rf7 c4 45. Rxh7 c3 46.
Rd7+ Ke3 47. Re7+ Kd3 48. Rd7+ Ke3 49. Re7+ Kd3 1/2-1/2

[Event "52nd World Juniors 2013"]
[Site "Kocaeli TUR"]
[Date "2013.09.22"]
[Round "9.22"]
[White "Martinez Romero, Martin"]
[Black "Buyukasik, Diyap"]
[Result "0-1"]
[WhiteTitle "IM"]
[WhiteElo "2404"]
[BlackElo "2046"]
[WhiteFideId "4404025"]
[BlackFideId "6319602"]
[EventDate "2013.09.13"]

1. e4 c5 2. Nf3 d6 3. d4 cxd4 4. Nxd4 Nf6 5. Nc3 a6 6. Bc4 e6 7. Bg5 Be7 8. Bb3
h6 9. Bh4 O-O 10. Qf3 Nbd7 11. O-O-O Qc7 12. g4 Ne5 13. Qg2 Ng6 14. Bg3 Nxg4 15.
h3 Nf6 16. f4 Qc5 17. Rhg1 Nh5 18. Bh2 Bf6 19. Nce2 Kh8 20. Kb1 Nhxf4 21. Nxf4
Bxd4 22. Nxg6+ fxg6 23. Rgf1 Bd7 24. Qxg6 Be5 25. Bg1 Qc8 26. Be3 Qe8 27. Qg4
Qe7 28. h4 a5 29. a4 Rxf1 30. Rxf1 Qe8 31. Rg1 Qf7 32. Bc4 Rc8 33. Rf1 Qe8 34.
b3 b5 35. axb5 Bxb5 36. Qxe6 Bxc4 37. Qxe8+ Rxe8 38. bxc4 Bg3 39. c5 dxc5 40.
Bxc5 Rxe4 41. Rf8+ Kh7 42. Ra8 a4 43. h5 Be5 44. Kc1 Bc3 45. Bf2 Re2 46. Rf8 a3
47. Kb1 Bf6 48. Bc5 a2+ 0-1

[Event "52nd World Juniors 2013"]
[Site "Kocaeli TUR"]
[Date "2013.09.22"]
[Round "9.23"]
[White "Ali Marandi, Cemil Can"]
[Black "Sumer, Gun"]
[Result "1-0"]
[WhiteTitle "IM"]
[WhiteElo "2403"]
[BlackElo "1928"]
[WhiteFideId "6300529"]
[BlackFideId "6311784"]
[EventDate "2013.09.13"]

1. e4 c5 2. c3 Nf6 3. e5 Nd5 4. Nf3 e6 5. d4 cxd4 6. cxd4 d6 7. Bc4 Be7 8. O-O
b6 9. Bd2 Bb7 10. a3 O-O 11. Re1 Nd7 12. Nc3 Nxc3 13. Bxc3 Rc8 14. Nd2 dxe5 15.
dxe5 Bg5 16. Bf1 Nc5 17. Nc4 Bd5 18. Nd6 Rc7 19. Qg4 Be7 20. Rad1 f5 21. Qh3 Qa8
22. Bd2 Bxd6 23. exd6 Rd7 24. Bf4 Rf6 25. Rc1 Rg6 26. b4 Nb3 27. Rcd1 Rg4 28.
Be5 Qc6 29. Re3 Qa4 30. Rxd5 exd5 31. Rxb3 g6 32. Rc3 h5 33. Qd3 1-0

[Event "52nd World Juniors 2013"]
[Site "Kocaeli TUR"]
[Date "2013.09.22"]
[Round "9.24"]
[White "Laurusas, Tomas"]
[Black "Ozdover, Mustafa Berkay"]
[Result "0-1"]
[WhiteElo "2398"]
[BlackElo "2005"]
[WhiteFideId "12803731"]
[BlackFideId "6311482"]
[EventDate "2013.09.13"]

1. c4 Nf6 2. Nf3 c5 3. Nc3 d5 4. cxd5 Nxd5 5. Qb3 e6 6. g3 Nc6 7. Bg2 Be7 8. O-O
O-O 9. Rd1 Ndb4 10. Rf1 e5 11. a3 Be6 12. Qd1 Nd5 13. d3 f6 14. Bd2 Qd7 15. Ne4
Rac8 16. Rc1 b6 17. Re1 Rfd8 18. Qc2 h6 19. Qb1 a5 20. Rcd1 a4 21. Rc1 Qa7 22.
Nc3 Nxc3 23. Rxc3 Na5 24. Be3 Qa6 25. Rcc1 b5 26. Nh4 Nb3 27. Rcd1 f5 28. Ng6
Bf6 29. f4 exf4 30. Nxf4 Bf7 31. h4 b4 32. Kh1 Qd6 33. h5 Qe5 34. Bc1 Nxc1 35.
Qxc1 Qxb2 36. Qe3 bxa3 37. Nd5 Rxd5 38. Bxd5 Bxd5+ 39. Kh2 Qd4 0-1

[Event "52nd World Juniors 2013"]
[Site "Kocaeli TUR"]
[Date "2013.09.22"]
[Round "9.25"]
[White "Baglan, Esat"]
[Black "Nagy, Gabor1"]
[Result "1-0"]
[BlackTitle "IM"]
[WhiteElo "2024"]
[BlackElo "2457"]
[WhiteFideId "6309216"]
[BlackFideId "737119"]
[EventDate "2013.09.13"]

1. e4 c5 2. Nf3 d6 3. d4 cxd4 4. Nxd4 Nf6 5. Nc3 a6 6. Bg5 Nbd7 7. f4 Qc7 8. Qf3
h6 9. Bxf6 Nxf6 10. f5 Bd7 11. O-O-O e5 12. fxe6 fxe6 13. g3 O-O-O 14. h4 h5 15.
Bh3 Re8 16. Kb1 Kb8 17. Qe2 Bc8 18. Nf3 Nd7 19. Rhf1 Ne5 20. Nxe5 dxe5 21. Rd3
Bc5 22. Rdf3 Re7 23. Rf8 Rxf8 24. Rxf8 Rf7 25. Rh8 Ka7 26. Qc4 b5 27. Qb3 Bd7
28. a3 Qd6 29. Rxh5 Bd4 30. Rg5 Qe7 31. Ne2 Bb6 32. Qd3 Qc5 33. Rg6 Qc6 34. h5
Bc8 35. Qc3 Qd7 36. Qd3 Qe7 37. Qc3 Bc7 38. Nc1 Kb8 39. Nd3 Qd6 40. Qc5 Re7 41.
Qxd6 Bxd6 42. Rg5 Bb7 43. Bg2 Rf7 44. Rg6 Re7 45. Kc1 Kc8 46. Kd2 Kd8 47. Rg5
Rf7 48. Ke2 Ke8 49. Nxe5 Rc7 50. c3 Rc5 51. Rxg7 Bxe4 52. Bxe4 Rxe5 53. Kf3 Kf8
54. Rd7 Be7 55. h6 Rh5 56. h7 a5 57. Ra7 1-0

[Event "52nd World Juniors 2013"]
[Site "Kocaeli TUR"]
[Date "2013.09.22"]
[Round "9.26"]
[White "Farid, Firman Syah"]
[Black "Antal, Tibor Kende"]
[Result "1/2-1/2"]
[WhiteTitle "IM"]
[BlackTitle "FM"]
[WhiteElo "2433"]
[BlackElo "2321"]
[WhiteFideId "7102526"]
[BlackFideId "738581"]
[EventDate "2013.09.13"]

1. d4 d5 2. Nf3 Nf6 3. c4 c6 4. e3 Bg4 5. Nc3 e6 6. h3 Bxf3 7. Qxf3 Bb4 8. Bd3
Nbd7 9. Bd2 dxc4 10. Bxc4 O-O 11. a3 Bxc3 12. bxc3 e5 13. g4 e4 14. Qg2 Qe7 15.
h4 b5 16. Bb3 Nb6 17. g5 Nfd5 18. h5 Nc4 19. a4 Rab8 20. a5 c5 21. Ke2 cxd4 22.
cxd4 Nf4+ 23. exf4 Nxd2 24. Ba2 Nf3 25. Kf1 b4 26. Rd1 Qd7 27. Bb1 Qb5+ 28. Bd3
Qf5 29. Qxf3 exd3 30. Rxd3 Qxa5 31. d5 Qa2 32. Rh3 a5 33. d6 a4 34. g6 Qa1+ 35.
Rd1 Qf6 36. gxh7+ Kh8 37. h6 g6 38. Qc6 a3 39. Qc4 Rfc8 40. Qb3 Kxh7 41. f5 gxf5
42. d7 Rg8 43. Rf3 Qe6 44. Qd3 Qe4 45. Qb3 Qe6 46. Qd3 b3 47. Rxf5 Rg6 48. Rb5
Rd8 49. Qxb3 Qxb3 1/2-1/2

[Event "52nd World Juniors 2013"]
[Site "Kocaeli TUR"]
[Date "2013.09.22"]
[Round "9.27"]
[White "Bornheim, Craig"]
[Black "Meribanov, Vitaly"]
[Result "0-1"]
[WhiteTitle "CM"]
[BlackTitle "FM"]
[WhiteElo "1973"]
[BlackElo "2433"]
[WhiteFideId "14300370"]
[BlackFideId "13504363"]
[EventDate "2013.09.13"]

1. d4 Nf6 2. c4 c5 3. d5 b5 4. cxb5 a6 5. bxa6 g6 6. Nc3 Bxa6 7. g3 d6 8. Bg2
Bg7 9. Nf3 Nbd7 10. O-O Nb6 11. Rb1 O-O 12. b3 Bb7 13. e4 Ng4 14. Qc2 Ba6 15.
Re1 Nd7 16. h3 Nge5 17. Nxe5 Nxe5 18. Re3 c4 19. b4 Nd3 20. b5 Bb7 21. Bf1 Nxc1
22. Rxc1 Bh6 23. Ree1 Bxc1 24. Rxc1 f5 25. Bxc4 Bc8 26. Bd3 Qb6 27. exf5 Bxf5
28. Bxf5 Rxf5 29. a4 Raf8 30. Rf1 Qc5 31. Qd2 Rf3 32. Ne4 Qc4 33. Ng5 Rxg3+ 34.
Kh2 Rxg5 0-1

[Event "52nd World Juniors 2013"]
[Site "Kocaeli TUR"]
[Date "2013.09.22"]
[Round "9.28"]
[White "Velten, Paul"]
[Black "Kulkarni, Rakesh"]
[Result "1-0"]
[WhiteTitle "FM"]
[WhiteElo "2427"]
[BlackElo "2283"]
[WhiteFideId "681091"]
[BlackFideId "5037077"]
[EventDate "2013.09.13"]

1. Nf3 Nf6 2. g3 g6 3. Bg2 Bg7 4. O-O O-O 5. c4 d6 6. Nc3 e5 7. d4 Nbd7 8. e3 c6
9. b3 Qa5 10. Bb2 e4 11. Nd2 d5 12. a3 Nb8 13. Rc1 Be6 14. b4 Qd8 15. cxd5 cxd5
16. Nb3 Nc6 17. Nc5 Bg4 18. Qa4 Qe7 19. h3 Bf5 20. b5 Nb8 21. Qb3 Rd8 22. g4 Bc8
23. g5 Ne8 24. Nxd5 Qxg5 25. Nxe4 Qh4 26. Nf4 g5 27. Rxc8 Rxc8 28. Ne6 g4 29.
Nxg7 Nxg7 30. hxg4 Nd7 31. g5 Ne6 32. Qd5 Nb6 33. Qf5 Ng7 34. Qf3 Rc2 35. Ba1
Rac8 36. d5 Rc1 37. Qf6 Rxa1 38. Qxa1 Nxd5 39. Qe5 Nb6 40. Nd6 Nc4 41. Qxg7+
Kxg7 42. Nf5+ Kf8 43. Nxh4 Nxa3 44. Bxb7 Rc5 45. f4 Nxb5 46. Be4 h6 47. gxh6 Nd6
48. Bf3 1-0

[Event "52nd World Juniors 2013"]
[Site "Kocaeli TUR"]
[Date "2013.09.22"]
[Round "9.29"]
[White "Uysal, Burak"]
[Black "Ferreira, Jorge Viterbo"]
[Result "1-0"]
[BlackTitle "FM"]
[WhiteElo "1928"]
[BlackElo "2426"]
[WhiteFideId "6339387"]
[BlackFideId "1910850"]
[EventDate "2013.09.13"]

1. e4 e5 2. Nf3 Nc6 3. Nc3 Nf6 4. Bb5 Bb4 5. O-O O-O 6. Re1 d6 7. h3 Nd4 8. Bd3
Ne6 9. a3 Ba5 10. b4 Bb6 11. Na4 Nh5 12. Nxb6 axb6 13. Bf1 f5 14. d4 fxe4 15.
Rxe4 Nf6 16. Re1 e4 17. Ng5 d5 18. c4 c6 19. c5 Nc7 20. Qb3 Kh8 21. h4 Ng4 22.
f3 exf3 23. Nxf3 Bf5 24. Bg5 Qb8 25. Be7 Re8 26. Bd6 Qd8 27. Ng5 Qf6 28. Be5
Rxe5 29. dxe5 Qe7 30. cxb6 Ne6 31. Qg3 Nxg5 32. hxg5 Qd8 33. e6 Qxb6+ 34. Kh1
Nf2+ 35. Kh2 Ng4+ 36. Kh1 Nf2+ 37. Kh2 Ne4 38. Qf4 Re8 39. Rxe4 Bxe4 40. e7 Kg8
41. Be2 h6 42. Rf1 Kh7 43. Bh5 hxg5 44. Qe5 Qe3 45. Bxe8 Qe2 46. Bg6+ Kxg6 1-0

[Event "52nd World Juniors 2013"]
[Site "Kocaeli TUR"]
[Date "2013.09.22"]
[Round "9.30"]
[White "Firat, Burak"]
[Black "Ratkovic, Milovan"]
[Result "1-0"]
[WhiteTitle "IM"]
[WhiteElo "2423"]
[BlackElo "2302"]
[WhiteFideId "6305881"]
[BlackFideId "914525"]
[EventDate "2013.09.13"]

1. e4 c5 2. Nf3 d6 3. d4 Nf6 4. Nc3 cxd4 5. Nxd4 Nc6 6. Bg5 e6 7. Qd2 a6 8.
O-O-O Bd7 9. f4 b5 10. Bxf6 gxf6 11. Kb1 Qb6 12. Nxc6 Bxc6 13. f5 b4 14. Ne2 e5
15. Ng3 h5 16. h4 Qc5 17. Bd3 a5 18. Qe2 a4 19. Bc4 Ke7 20. b3 Bh6 21. Nxh5 axb3
22. Bxb3 Be3 23. g4 Ra3 24. Rh3 Bd4 25. Qd2 Rxh5 26. gxh5 Bxe4 27. Rg3 Bc3 28.
Qe2 d5 29. Rgd3 Rxb3+ 30. cxb3 Bxf5 31. a4 d4 32. h6 Qd5 33. Ka2 Be6 34. Qc2 e4
35. Rxd4 Bxd4 36. h7 f5 37. h8=Q Qxb3+ 38. Qxb3 Bxh8 39. a5 e3 40. Rd5 Bc3 41.
Qc4 Kf6 42. Rd6 e2 43. Rd5 1-0

[Event "52nd World Juniors 2013"]
[Site "Kocaeli TUR"]
[Date "2013.09.22"]
[Round "9.32"]
[White "Wang, Yiye"]
[Black "Ochsner, Bjorn Moller"]
[Result "1-0"]
[BlackTitle "FM"]
[WhiteElo "2258"]
[BlackElo "2366"]
[WhiteFideId "8606021"]
[BlackFideId "1416928"]
[EventDate "2013.09.13"]

1. e4 c5 2. Nf3 d6 3. Nc3 a6 4. d4 cxd4 5. Nxd4 Nf6 6. Bg5 Nbd7 7. Bc4 Qb6 8.
Qd2 Qxb2 9. Rb1 Qa3 10. O-O e6 11. Bxe6 fxe6 12. Nxe6 Qa5 13. f4 Kf7 14. e5 Kxe6
15. f5+ Kf7 16. e6+ Kg8 17. Qd3 Ne5 18. Qg3 Be7 19. Bxf6 Bxf6 20. Ne4 Kf8 21.
Rbd1 d5 22. Nxf6 Qc5+ 23. Kh1 gxf6 24. Qh4 Kg7 25. Rde1 Qc7 26. Qg3+ Kf8 27. Qh4
Kg7 28. Qg3+ Kf8 29. Qh4 Ke7 30. Qh6 Bxe6 31. fxe6 Rhf8 32. Rxf6 Qc3 33. Qg7+
Kd6 34. e7+ Rxf6 35. Qxf6+ Kc5 36. Rb1 b5 37. Qf8 Rxf8 38. exf8=Q+ Kb6 39. Qd8+
Ka7 40. Rf1 a5 41. Qxd5 1-0

[Event "52nd World Juniors 2013"]
[Site "Kocaeli TUR"]
[Date "2013.09.22"]
[Round "9.33"]
[White "Arvola, Benjamin"]
[Black "Docena, Jerad"]
[Result "0-1"]
[WhiteTitle "FM"]
[WhiteElo "2354"]
[BlackElo "2227"]
[WhiteFideId "1506536"]
[BlackFideId "5208173"]
[EventDate "2013.09.13"]

1. d4 Nf6 2. c4 e6 3. Nc3 Bb4 4. f3 Nc6 5. a3 Bxc3+ 6. bxc3 b6 7. e4 Ba6 8. Bg5
Na5 9. e5 h6 10. Bh4 g5 11. Bf2 Nh5 12. Qa4 f5 13. g3 Qc8 14. d5 exd5 15. cxd5
Bxf1 16. Kxf1 Qa6+ 17. Kg2 Rg8 18. Qc2 Ng7 19. Ne2 O-O-O 20. Nd4 Qc4 21. Qa2
Rde8 22. Rhe1 Re7 23. Re2 Kb7 24. g4 Rf8 25. Rae1 fxg4 26. fxg4 Qxc3 27. d6 cxd6
28. Qd5+ Nc6 29. Nb5 Rxf2+ 30. Kxf2 Qc5+ 31. Qxc5 dxc5 32. Kg3 Ne6 33. Rf2 Nf4
34. Nd6+ Kc7 35. Nf5 Re6 36. h4 Nd3 37. Rfe2 Nxe1 38. Rxe1 Rxe5 39. Rh1 Re6 40.
hxg5 hxg5 41. Rh5 Rg6 42. Rh8 b5 43. Re8 a5 44. Kf3 b4 45. a4 c4 46. Re4 d5 0-1